कैसे कैसे लोग : (Record no. 120225)

MARC details
000 -LEADER
fixed length control field 00991nam a22002297a 4500
005 - DATE AND TIME OF LATEST TRANSACTION
control field 20170124103154.0
010 ## - LIBRARY OF CONGRESS CONTROL NUMBER
LC control number B-075849
020 ## - INTERNATIONAL STANDARD BOOK NUMBER
Terms of availability 150.00
International Standard Book Number 8188189022
035 ## - SYSTEM CONTROL NUMBER
System control number B-075849
037 ## - SOURCE OF ACQUISITION
Source of stock number/acquisition Cen Lib/Ret
040 ## - CATALOGING SOURCE
Original cataloging agency DPL
Language of cataloging HN
082 ## - DEWEY DECIMAL CLASSIFICATION NUMBER
Classification number 080
Item number डोभाल
100 ## - MAIN ENTRY--PERSONAL NAME
Personal name डोभाल, बल्लभ
9 (RLIN) 89237
245 ## - TITLE STATEMENT
Title कैसे कैसे लोग :
Statement of responsibility, etc बल्लभ डोभाल
Remainder of title संस्मरण /
246 ## - VARYING FORM OF TITLE
Title proper/short title Kaise kaise log : sasmaran /
Remainder of title by Balabha Dobhal
260 ## - PUBLICATION, DISTRIBUTION, ETC. (IMPRINT)
Place of publication, distribution, etc दिल्ली
Name of publisher, distributor, etc मनीषा प्रकाशन
270 ## - ADDRESS
City दिल्ली
Address ५७बी, पॉकेट ए, फेस-2 अशोक विहार
Postal code 110052
300 ## - PHYSICAL DESCRIPTION
Extent 132पृ.
Dimensions 20सेमी(सजिल्द)
650 ## - SUBJECT ADDED ENTRY--TOPICAL TERM
Topical term or geographic name as entry element Ḍobhāla, Ballabha, - 1930 -.... - आत्मकथाएँ।
9 (RLIN) 89238
650 ## - SUBJECT ADDED ENTRY--TOPICAL TERM
Topical term or geographic name as entry element Ḍobhāla, Ballabha, -- 1930-.... -- Biographies.
9 (RLIN) 89239
942 ## - ADDED ENTRY ELEMENTS (KOHA)
Source of classification or shelving scheme Dewey Decimal Classification
Koha item type Hindi Books
Classification part 080
Call number suffix डोभाल
Holdings
Withdrawn status Lost status Damaged status Not for loan Home library Current library Date acquired Source of acquisition Cost, normal purchase price Total Checkouts Full call number Barcode Date last seen Date checked out Copy number Cost, replacement price Price effective from Koha item type
        Central Library Central Library 21/09/2015 Cen Lib/Ref 150.00 6 080 डोभाल B-075849 16/10/2020 03/10/2020 1 150.00 21/09/2015 Hindi Books

© Delhi Public Library
Hit Counter
free hit counter